ՀՀ Գիտությունների ազգային ակադեմիայի հիմնարար գիտական գրադարան  =   Fundamental Scientific Library of NAS RA

Բանաստեղծություններ / (Record no. 117437)

MARC details
000 -LEADER
fixed length control field 00771nam a2200205 a 4500
001 - CONTROL NUMBER
control field 000316520
003 - CONTROL NUMBER IDENTIFIER
control field AM-YeHGA
005 - DATE AND TIME OF LATEST TRANSACTION
control field 20250618072019.0
008 - FIXED-LENGTH DATA ELEMENTS--GENERAL INFORMATION
fixed length control field 040310s1976 ai a||||||||||||||1|arm|d
040 ## - CATALOGING SOURCE
Original cataloging agency AM-YeHGA
041 1# - LANGUAGE CODE
Language code of text/sound track or separate title arm
090 ## - LOCALLY ASSIGNED LC-TYPE CALL NUMBER (OCLC); LOCAL CALL NUMBER (RLIN)
-- 118785
100 1# - MAIN ENTRY--PERSONAL NAME
Personal name Վուրղուն, Սամեդ
245 10 - TITLE STATEMENT
Title Բանաստեղծություններ /
Statement of responsibility, etc. Ս. Վուրղուն ; Կազմ. և խմբ.՝ Գ. Օհանյան ; Առաջաբ.՝ Ա. Դարբնի.
260 ## - PUBLICATION, DISTRIBUTION, ETC.
Place of publication, distribution, etc. Երևան :
Name of publisher, distributor, etc. Հայաստան,
Date of publication, distribution, etc. 1976.
300 ## - PHYSICAL DESCRIPTION
Extent 122 էջ :
Other physical details 1 թ. դիմանկ. ;
Dimensions 17 սմ.
650 14 - SUBJECT ADDED ENTRY--TOPICAL TERM
Topical term or geographic name entry element Ադրբեջանական գրականություն
9 (RLIN) 4996
700 1# - ADDED ENTRY--PERSONAL NAME
Personal name Օհանյան, Գևորգ Սմբատի,
Dates associated with a name 1935-2016
Relator term կազմ.
Relationship com
Relator term խմբ.
Relationship edt
9 (RLIN) 2842
942 ## - ADDED ENTRY ELEMENTS (KOHA)
Source of classification or shelving scheme Universal Decimal Classification
Koha item type Գրքեր / Books
Holdings
Withdrawn status Lost status Damaged status Not for loan Collection Home library Current library Date acquired Total checkouts Full call number Barcode Date last seen Cost, replacement price Price effective from Koha item type Public note
        General Fundamental Scientific Library Fundamental Scientific Library 22/12/2016   AI/14176 FL0054211 22/12/2016 52.00 22/12/2016 Գրքեր / Books 30 Days Loan
        General Fundamental Scientific Library Fundamental Scientific Library 22/12/2016   AI/14177 FL0054212 22/12/2016 52.00 22/12/2016 Գրքեր / Books 30 Days Loan
        General Fundamental Scientific Library Fundamental Scientific Library 22/12/2016   AI/14343 FL0053943 22/12/2016 52.00 22/12/2016 Գրքեր / Books 30 Days Loan


ՀՀ ԳԱԱ հիմնարար գիտական գրադարան
ՀՀ,Երևան 0019
Մարշալ Բաղրամյան 24/6
հեռախոս:(374-10) 52-47-50
Հետադարձ կապ

All site content, except where otherwise noted, is licensed under a
Creative Commons License